Geography Abbreviations Shooting Gallery Quiz Stats

 Plays Quiz not verified by Sporcle

Support Sporcle.
Go Orange.
Score 0/32 Timer 03:00
0 Plays Today
% Correct
Republic
95.8%
Democratic
95.6%
States
95.5%
Republic
95.4%
United
94.8%
Central
94.7%
United
94.7%
Arab
94.4%
Republic
94.4%
Congo
94.3%
Republic
94.2%
African
93.8%
Emirates
93.8%
of
93.4%
Democratic
93.4%
Bosnia
93.4%
% Correct
and
93.4%
United
93.4%
Herzegovina
93.4%
Republic
93.2%
Kingdom
92.8%
of
92.8%
Dominican
92.4%
New
92.2%
Korea
92.2%
Guinea
92%
People's
91.4%
Republic
91%
America
90.2%
Papua
90.1%
Congo
89.2%
Korea
89.1%

You're not logged in!

Compare scores with friends on all Sporcle quizzes.
OR
Log In

From the Vault

Elements Ending in 'M' per Letter

by leppyfresh

Elements not ending in M are not welcome here.
Remove Ads.
Support Sporcle.
Get the best of Sporcle when you Go Orange. This ad-free experience offers more features, more stats, and more fun while also helping to support Sporcle. Thank you for becoming a member.

Show Comments

Extras

Top Quizzes Today


Score Distribution

Your Account Isn't Verified!

In order to create a playlist on Sporcle, you need to verify the email address you used during registration. Go to your Sporcle Settings to finish the process.

Report this User

Report this user for behavior that violates our Community Guidelines.

Details: